Stavebné právo SEPI - aktualizácia č. 58 : inštalačné heslo CD ROM SEPI O: SB3-8418

Bibliographic Details
Corporate Author: Slovensko (Author)
Format: Book
Language:Slovak
PhysicalDescription:1 zv. (rozličné stránkovanie) 21 cm
Published: Žilina Systém ekonomických a právnych informácií [2006]
ISBN:8088961130
Edition:[1. vyd.]
Subjects:

MARC

LEADER 00000nam a2200000 a 4500
001 vtls010311239
003 SK-MaSNL
005 20260426005427.0
008 190927s2006 xo fl 000 0 slo
015 |a SNBI2012/01-00053 
020 |a 8088961130 
035 |a 239F2344-E5FA-4A8A-94D1-EC0924D8DE6D 
035 |a urn:nbn:sk:snk-amkzzi 
035 |a urn:nbn:sk:snk-am008nr5 
040 |a SNK  |b slo  |c SNK  |e AACR2 
041 0 |a slo 
043 |a e-xo--- 
044 |a xo  |c SK 
072 7 |a 349  |x Pracovné, sociálne, stavebné právo. Právo životného prostredia  |2 konspekt 
080 |a 349.44  |2 2001 
080 |a 349.442  |2 2001 
080 |a (437.6)  |2 2001 
080 |a (094.5)  |2 2001 
080 |a (035)  |2 2001 
110 1 |a Slovensko  |4 aut  |9 266955 
240 1 0 |a Zákony, etc. 
245 1 0 |a Stavebné právo  |b SEPI - aktualizácia č. 58 : inštalačné heslo CD ROM SEPI O: SB3-8418 
250 |a [1. vyd.] 
260 |a Žilina  |b Systém ekonomických a právnych informácií  |c [2006] 
300 |a 1 zv. (rozličné stránkovanie)  |c 21 cm 
500 |a Voľné listy v igelitovom obale 
650 0 7 |a stavebné právo  |2 SNKPH  |9 2636 
650 0 7 |a územné plánovanie  |2 SNKPH  |9 2641 
651 7 |a Slovensko  |2 SNKPH  |9 14231 
655 7 |a zákony  |2 SNKPH  |9 70186 
655 7 |a príručky  |2 SNKPH  |9 74364 
919 |a 80-88961-13-0 
999 |c 1007821  |d 1009751 
952 |a SNK  |b SNK  |y PREZ  |7 0  |p 17A0717978  |o snkSC 98405/príl.58  |i snk2011/19174  |8 0  |0 0  |1 0  |4 0  |d 2011-09-14  |f 1  |l 0  |r 2025-09-18 00:00:00  |w 2026-02-24 
952 |a SNK  |b SNK  |y VYP  |7 0  |p 17A0717977  |o snkSC 98405/príl.58 D1  |i snk2011/19175  |8 0  |0 0  |1 0  |4 0  |d 2011-09-14  |l 0  |r 2026-02-24 12:41:37  |w 2026-02-24